Matematika az alapiskola 3. osztálya számára munkafüzet 1. rész

Bibliographic Details
Main Author: Černek, Pavol, 1952- (Author)
Other Authors: Dzurňák, Dávid (Illustrator), Horváth, Géza, 1951- (Translator)
Format: Book
Language:Hungarian
Slovak
PhysicalDescription:88 s. fareb. ilustr. 30 cm
Published: Bratislava Slovenské pedagogické nakladateľstvo 2012
ISBN:9788010022595
Edition:2. kiad.
Subjects:

MARC

LEADER 00000cam a2200000 a 4500
001 vtls010447298
003 SK-MaSNL
005 20260301132818.0
008 240318s2012 xo a b p 000 0 hun
015 |a SNBA2013 
020 |a 9788010022595  |q (brož.) 
035 |a 8D90ECB7-4AFC-4F0D-9E84-69A5625D21DF 
035 |a urn:nbn:sk:snk-amkbht 
035 |a urn:nbn:sk:snk-am008drk 
040 |a SNK  |b slo  |c SNK  |e AACR2 
041 1 |a hun  |h slo 
044 |a xo  |c SK 
072 7 |a 51  |x Matematika  |2 konspekt 
072 7 |a 37.016  |x Učebné osnovy. Vyučovacie predmety. Učebnice  |2 konspekt 
080 |a 51  |2 2001 
080 |a (075.2)  |2 2001 
080 |a (076.1)  |2 2001 
100 1 |a Černek, Pavol,  |d 1952-  |4 aut  |9 7554 
245 1 0 |a Matematika az alapiskola 3. osztálya számára  |b munkafüzet  |n 1. rész  |c Pavol Černek ; [illusztrálta Dávid Dzurňák ; fordította Horváth Géza] 
246 1 1 |a Matematika pre 3. ročník základnej školy s vyučovacím jazykom maďarským 
250 |a 2. kiad. 
260 |a Bratislava  |b Slovenské pedagogické nakladateľstvo  |c 2012 
300 |a 88 s.  |b fareb. ilustr.  |c 30 cm 
500 |a Preložené zo slovenčiny 
650 0 7 |a matematika  |2 SNKPH  |9 70174 
650 0 7 |a Mathematics  |2 SNKPHeng  |9 265620 
655 7 |a učebnice základných škôl  |2 SNKPH  |9 70187 
655 7 |a pracovné zošity  |2 SNKPH  |9 70188 
655 7 |a Textbooks (elementary)  |2 SNKPHeng  |9 276977 
655 7 |a Activity books  |2 SNKPHeng  |9 302885 
700 1 |a Dzurňák, Dávid  |4 ill  |9 125409 
700 1 |a Horváth, Géza,  |d 1951-  |4 trl  |9 88332 
852 |a Štátna vedecká knižnica v Banskej Bystrici 
919 |a 978-80-10-02259-5 
958 |a OP 
958 |a HU 
958 |a NM 
968 |a Mag  |b SLO 
999 |c 752017  |d 753947 
952 |a SNK  |b SNK  |y PREZ  |7 0  |p 17A1050381  |o snkSB 83564/1  |i snk2012/19115  |8 0  |0 0  |1 0  |4 0  |d 2012-09-27  |f 1  |l 0  |r 2025-05-06 00:00:00  |w 2026-02-23 
952 |a SNK  |b SNK  |y VYP  |7 0  |p 17A1050382  |o snkSB 83564/1 D1  |i snk2012/19116  |8 0  |0 0  |1 0  |4 0  |d 2012-09-27  |l 0  |r 2016-06-30 00:00:00  |w 2026-02-23